000
00240nam a22000857a 4500
999
_c
11040
_d
11040
008
180802b ||||| |||| 00| 0 eng d
100
_a
Kapoor, Sanjeev
_9
6824
245
_a
EAT LITE Beverages Soups & Salads
260
_a
New Delhi
_b
Rave India
_c
2011